000 00372nam a2200169Ia 4500
001 9639
003 IN-NITTTR
005 20251114233049.0
008 251113s9999||||xx |||||||||||||| ||eng||
040 _beng
040 _cIN-NITTTR
041 _aeng
082 _a658 D869M
100 _aDuerr, Carl
245 0 _aManagement kinetics /
_cDuerr, Carl
942 _2ddc
_cBK
999 _c12276
_d12276